Combinatorial algorithms: generation, enumeration and search

में बचाया:
ग्रंथसूची विवरण
मुख्य लेखक: Donald L. Kreher
स्वरूप: पुस्तक
भाषा:Undetermined
प्रकाशित: Boca Raton, FL CRC Press 1999
विषय:
टैग : टैग जोड़ें
कोई टैग नहीं, इस रिकॉर्ड को टैग करने वाले पहले व्यक्ति बनें!
Thư viện lưu trữ: Trung tâm Học liệu Trường Đại học Cần Thơ
LEADER 00543nam a2200181Ia 4500
001 CTU_58091
008 210402s9999 xx 000 0 und d
082 |a 511.6 
082 |b K92 
100 |a Donald L. Kreher 
245 0 |a Combinatorial algorithms: generation, enumeration and search 
245 0 |c Donald L. Kreher and Tison Robert Douglas 
260 |a Boca Raton, FL 
260 |b CRC Press 
260 |c 1999 
650 |a combinatorial analysis,algorithms 
904 |i Minh 
980 |a Trung tâm Học liệu Trường Đại học Cần Thơ